IPL Winners By Year - Statistics

General Stats
  • This quiz has been taken 368 times
    182 since last reset
  • The average score is 15 of 18
Answer Stats
Year Winner Runners-Up % Correct
2010 Chennai Super Kings Mumbai Indians
93%
2011 Chennai Super Kings Royal Challengers Bengaluru
90%
2008 Rajasthan Royals Chennai Super Kings
90%
2013 Mumbai Indians Chennai Super Kings
89%
2015 Mumbai Indians Chennai Super Kings
87%
2021 Chennai Super Kings Kolkata Knight Riders
86%
2023 Chennai Super Kings Gujarat Titans
86%
2017 Mumbai Indians Rising Pune Super Giants
86%
2020 Mumbai Indians Delhi Capitals
86%
2018 Chennai Super Kings Sunrisers Hyderabad
85%
2019 Mumbai Indians Chennai Super Kings
85%
2009 Deccan Chargers Royal Challengers Bengaluru
84%
2012 Kolkata Knight Riders Chennai Super Kings
84%
2025 Royal Challengers Bengaluru Punjab Kings
84%
2022 Gujarat Titans Rajasthan Royals
82%
2024 Kolkata Knight Riders Sunrisers Hyderabad
82%
2016 Sunrisers Hyderabad Royal Challengers Bengaluru
81%
2014 Kolkata Knight Riders Kings XI Punjab (Punjab Kings)
80%
No matching quizzes found
Score Distribution
Percent of People with Each Score
Percentile by Number Answered
Your Score History
You have not taken this quiz since the last reset